000 00817cab a2200241 4500
001 WB3415-45
008 090401t1998 xxu||||| |||| 00| 0 eng d
035 _a(Sirsi) u85763
041 _aeng
245 _aSmall sector, big impact
260 _c1998
350 _a0
490 _aScotsman
_v23 April 1998, 10&11(1)
520 _aPrivately-rented property is on the increase in Scotland, seeing demand outstripping supply. An upward movement in costs is due to letting agents raising the standard of accommodation and level of service.
650 _aLETTING AGENTS
650 _aPRIVATE RENTED SECTOR
650 _aRENTED ACCOMMODATION
650 _aSCOTLAND
650 _aSUPPLY AND DEMAND
690 _aPROPERTY-RESIDENTIAL PROPERTY-RESIDENTIAL PROPERTY MARKET
942 _n0
948 _c23/04/1998
999 _c53948
_d53948